[Event "Chennai op 14th"]
[Site "Chennai"]
[Date "2024.01.01"]
[Round "2"]
[White "Aarav, A."]
[Black "Ravichandran, Siddharth"]
[Result "1/2-1/2"]
[WhiteElo "1649"]
[BlackElo "2348"]
[PlyCount "80"]
[EventDate "2023.12.31"]
[EventType "swiss"]
[EventRounds "10"]
[EventCountry "IND"]
[SourceTitle "CB02_2024"]
[SourceDate "2024.01.10"]
[SourceVersion "1"]
[SourceVersionDate "2024.01.10"]
[SourceQuality "1"]

1. e4 c5 2. c3 d5 3. exd5 Qxd5 4. d4 Nc6 5. Nf3 Bf5 6. Be3 Nf6 7. Bb5 cxd4 8. c4 Qd6 9. Qxd4 e6 10. Qxd6 Bxd6 11. Nd4 0-0 12. Bxc6 bxc6 13. Nxf5 exf5 14. Nc3 Ng4 15. g3 Bb4 16. 0-0-0 Nxe3 17. fxe3 Bxc3 18. bxc3 Rfe8 19. Rhe1 Re6 20. Rd7 h5 21. Kd2 Rb8 22. Kc2 c5 23. Re2 Ra6 24. Kd3 g6 25. Rd5 Ra5 26. Rd2 Rb1 27. e4 fxe4+ 28. Kxe4 Re1+ 29. Kd3 Kg7 30. Rf2 Rc1 31. a4 Rd1+ 32. Ke3 Re1+ 33. Kd2 Ra1 34. Kd3 Rd1+ 35. Ke3 Re1+ 36. Kd2 Re7 37. Kd3 Re1 38. Kd2 Re7 39. Kd3 Re1 40. Kd2 Re7 1/2-1/2

[Event "Titled Tuesday intern op 22nd Sept"]
[Site "Chess.com INT"]
[Date "2020.09.22"]
[Round "7"]
[White "Ravichandran, Siddharth"]
[Black "Nitish, Belurkar"]
[Result "0-1"]
[WhiteElo "2352"]
[BlackElo "2351"]
[PlyCount "56"]
[EventDate "2020.09.22"]
[EventType "swiss (blitz)"]
[EventRounds "10"]
[EventCountry "USA"]
[SourceTitle "CBM 198 Extra"]
[Source "ChessBase"]
[SourceDate "2020.11.30"]
[SourceVersion "1"]
[SourceVersionDate "2020.11.30"]
[SourceQuality "1"]

1. e4 d5 2. exd5 Nf6 3. Nf3 Nxd5 4. d4 Bf5 5. Be2 e6 6. 0-0 Be7 7. c4 Nb4 8. Na3 0-0 9. Be3 N8c6 10. h3 h6 11. Qd2 Bf6 12. Rfd1 Qe7 13. d5 exd5 14. cxd5 Rfd8 15. Qc1 Nxd5 16. Nc4 b5 17. Na3 Nxe3 18. Rxd8+ Rxd8 19. fxe3 b4 20. Nc4 a5 21. Qe1 a4 22. Rc1 a3 23. bxa3 bxa3 24. Kh1 Nb4 25. Na5 Nxa2 26. Nc6 Qxe3 27. Rd1 Rxd1 28. Qxd1 Nc3 0-1

[Event "Titled Tuesday intern op 15th Sept"]
[Site "Chess.com INT"]
[Date "2020.09.15"]
[Round "2"]
[White "Livaic, Leon"]
[Black "Ravichandran, Siddharth"]
[Result "1-0"]
[WhiteElo "2507"]
[BlackElo "2352"]
[PlyCount "107"]
[EventDate "2020.09.15"]
[EventType "swiss (blitz)"]
[EventRounds "10"]
[EventCountry "USA"]
[SourceTitle "CBM 198 Extra"]
[Source "ChessBase"]
[SourceDate "2020.11.30"]
[SourceVersion "1"]
[SourceVersionDate "2020.11.30"]
[SourceQuality "1"]

1. d4 d5 2. c4 c6 3. cxd5 cxd5 4. Bf4 Nc6 5. e3 Nf6 6. Nc3 a6 7. Bd3 Bg4 8. Nge2 Rc8 9. 0-0 e6 10. Na4 Bd6 11. f3 Bh5 12. Nc5 Bxc5 13. dxc5 Bg6 14. Bd6 Ne7 15. Bxg6 hxg6 16. b4 Nf5 17. Bf4 Nh5 18. Qd3 Nxf4 19. Nxf4 Qh4 20. Nh3 Qxb4 21. e4 Qxc5+ 22. Kh1 Ne7 23. a4 0-0 24. Rab1 Rc7 25. Qd2 Rfc8 26. Qe1 dxe4 27. fxe4 Nc6 28. Rc1 Qb4 29. Qh4 Ne7 30. Rxc7 Rxc7 31. Ng5 Nf5 32. Qh7+ Kf8 33. exf5 Qf4 34. Rd1 Qd2 35. Nxe6+ Ke7 36. Qh4+ f6 37. Qe1 Qxe1+ 38. Rxe1 Rc4 39. fxg6 f5 40. g3 Kf6 41. Nf4 Rxa4 42. h4 Re4 43. Rc1 Re7 44. Nd5+ Ke6 45. Nxe7 Kxe7 46. Rc7+ Kf6 47. Rxb7 Kxg6 48. Rb6+ Kh5 49. Rxa6 g5 50. hxg5 Kxg5 51. Kg2 Kg4 52. Ra4+ f4 53. Rxf4+ Kg5 54. Kf3 1-0

[Event "Titled Tuesday intern op 15th Sept"]
[Site "Chess.com INT"]
[Date "2020.09.15"]
[Round "4"]
[White "Salinas Herrera, Pablo Patricio"]
[Black "Ravichandran, Siddharth"]
[Result "1-0"]
[WhiteElo "2514"]
[BlackElo "2352"]
[PlyCount "81"]
[EventDate "2020.09.15"]
[EventType "swiss (blitz)"]
[EventRounds "10"]
[EventCountry "USA"]
[SourceTitle "CBM 198 Extra"]
[Source "ChessBase"]
[SourceDate "2020.11.30"]
[SourceVersion "1"]
[SourceVersionDate "2020.11.30"]
[SourceQuality "1"]

1. d4 d5 2. Bf4 c5 3. e3 Nc6 4. Nf3 Nf6 5. Nbd2 cxd4 6. exd4 g6 7. c3 Bg7 8. Bd3 0-0 9. 0-0 Bf5 10. Bxf5 gxf5 11. Re1 Ne4 12. Nf1 e6 13. Qe2 Kh8 14. Rad1 Rg8 15. Kh1 Bf6 16. Ne5 Qe7 17. f3 Nd6 18. Ne3 Qd8 19. c4 Ne7 20. c5 Ng6 21. Nxg6+ Rxg6 22. Bxd6 Bh4 23. g3 Bg5 24. Ng2 h5 25. Bf4 Bf6 26. Be5 Kh7 27. Nf4 Rg5 28. Bxf6 Qxf6 29. Qe5 Qd8 30. Ng2 Qd7 31. b4 a6 32. Nf4 Rag8 33. Qe2 Qc7 34. Nd3 Rxg3 35. hxg3 Qxg3 36. Rf1 Qh4+ 37. Qh2 Qxd4 38. Qxh5+ Kg7 39. Rg1+ Kf8 40. Qh6+ Ke7 41. Rxg8 1-0

[Event "Titled Tuesday intern op 01st Sept"]
[Site "Chess.com INT"]
[Date "2020.09.01"]
[Round "10"]
[White "Ravichandran, Siddharth"]
[Black "Chernikov, Vladimir"]
[Result "0-1"]
[WhiteElo "2352"]
[BlackElo "2231"]
[PlyCount "68"]
[EventDate "2020.09.01"]
[EventType "swiss (blitz)"]
[EventRounds "10"]
[EventCountry "USA"]
[SourceTitle "CBM 198 Extra"]
[Source "ChessBase"]
[SourceDate "2020.11.30"]
[SourceVersion "1"]
[SourceVersionDate "2020.11.30"]
[SourceQuality "1"]

1. e4 c5 2. Nf3 Nc6 3. Bb5 g6 4. 0-0 Bg7 5. c3 Nf6 6. d4 cxd4 7. cxd4 Nxe4 8. d5 Ne5 9. Nxe5 Bxe5 10. Re1 Nd6 11. Rxe5 Nxb5 12. Bg5 0-0 13. Bxe7 Qe8 14. Qe2 Nd4 15. Qe4 f6 16. Bxf6 Qf7 17. Qxd4 Qxf6 18. d6 b6 19. Nc3 Bb7 20. f3 Rae8 21. Rae1 Kg7 22. Re7+ Rxe7 23. Rxe7+ Rf7 24. Rxf7+ Kxf7 25. Qc4+ Kg7 26. Qc7 Qd4+ 27. Kh1 Bc6 28. h3 Qf2 29. Qxa7 Qe1+ 30. Kh2 Qe5+ 31. g3 Qc5 32. Kg2 Qe3 33. h4 Qxf3+ 34. Kh3 h5 0-1

[Event "Titled Tuesday intern op 01st Sept"]
[Site "Chess.com INT"]
[Date "2020.09.01"]
[Round "4"]
[White "Ravichandran, Siddharth"]
[Black "Ponkratov, Pavel"]
[Result "0-1"]
[WhiteElo "2352"]
[BlackElo "2631"]
[PlyCount "116"]
[EventDate "2020.09.01"]
[EventType "swiss (blitz)"]
[EventRounds "10"]
[EventCountry "USA"]
[SourceTitle "CBM 198 Extra"]
[Source "ChessBase"]
[SourceDate "2020.11.30"]
[SourceVersion "1"]
[SourceVersionDate "2020.11.30"]
[SourceQuality "1"]

1. e4 e5 2. Nf3 Nc6 3. Nc3 Nf6 4. Bb5 Bc5 5. Nxe5 Nxe5 6. d4 Bd6 7. f4 Neg4 8. e5 Bb4 9. exf6 Nxf6 10. 0-0 0-0 11. f5 d5 12. Bg5 h6 13. Bh4 c6 14. Bd3 Re8 15. Ne2 Be7 16. c3 Ng4 17. Bxe7 Qxe7 18. Qd2 Qe3+ 19. Qxe3 Nxe3 20. Rfe1 Bxf5 21. Bxf5 Nxf5 22. Nf4 Nd6 23. Nd3 f6 24. a4 a5 25. g3 Kf7 26. Kg2 g5 27. g4 Kg6 28. h3 h5 29. Kf3 Nc4 30. b3 Nd2+ 31. Kg3 Ne4+ 32. Kf3 Nxc3 33. Nc5 b6 34. Ne6 hxg4+ 35. hxg4 Rh8 36. Rac1 Rh3+ 37. Kg2 Rah8 38. Rh1 Rxh1 39. Rxh1 Rxh1 40. Kxh1 b5 41. Nd8 bxa4 42. bxa4 Nxa4 43. Nxc6 Nc3 44. Nxa5 f5 45. gxf5+ Kxf5 46. Kg2 Ke4 47. Nc6 Ne2 48. Kh3 Nxd4 49. Nb4 Ne6 50. Kg4 d4 51. Kg3 Ke3 52. Nd5+ Ke2 53. Kg4 d3 54. Kf5 d2 55. Kxe6 Kd3 56. Nb4+ Ke4 57. Kf6 d1Q 58. Kxg5 Qd2+ 0-1

[Event "Titled Tuesday intern op 25th Aug"]
[Site "Chess.com INT"]
[Date "2020.08.25"]
[Round "10"]
[White "Ravichandran, Siddharth"]
[Black "Schut, Han"]
[Result "1-0"]
[WhiteElo "2352"]
[BlackElo "2101"]
[PlyCount "107"]
[EventDate "2020.08.25"]
[EventType "swiss (blitz)"]
[EventRounds "10"]
[EventCountry "USA"]
[SourceTitle "CBM 198 Extra"]
[Source "ChessBase"]
[SourceDate "2020.11.30"]
[SourceVersion "1"]
[SourceVersionDate "2020.11.30"]
[SourceQuality "1"]

1. e4 c5 2. Nf3 d6 3. Bb5+ Nd7 4. 0-0 a6 5. Bxd7+ Bxd7 6. c3 Nf6 7. Re1 Bc6 8. d4 Bxe4 9. Bg5 Bg6 10. Bxf6 gxf6 11. Nbd2 e6 12. Qb3 Qc7 13. Ne4 Be7 14. Ng3 0-0-0 15. c4 Kb8 16. d5 e5 17. Nh4 Qd7 18. Qf3 h5 19. Ngf5 Rdg8 20. g3 Kc7 21. Rab1 Bxf5 22. Qxf5 Qxf5 23. Nxf5 Bf8 24. h4 Bh6 25. Kf1 Rg4 26. b3 Bd2 27. Re2 Bc3 28. f3 Rg6 29. Re4 Kd7 30. Kg2 Bd4 31. Kh3 Rhg8 32. Rf1 b5 33. Rc1 Bf2 34. g4 Rh8 35. Rc2 hxg4+ 36. Rxg4 Rxg4 37. fxg4 Bd4 38. h5 b4 39. Kg3 a5 40. Kf3 Kc7 41. Ke4 Kd7 42. Rh2 Kc7 43. h6 Kd7 44. h7 Kc7 45. Rh6 a4 46. Ng3 axb3 47. axb3 Kd7 48. Nh5 Ke7 49. Nxf6 Bb2 50. g5 Bc3 51. Kf5 Bd2 52. Ne4 Bxg5 53. Nxg5 f6 54. Rxf6 1-0

[Event "Titled Tuesday intern op 25th Aug"]
[Site "Chess.com INT"]
[Date "2020.08.25"]
[Round "2"]
[White "Shvedova, Alexandra"]
[Black "Ravichandran, Siddharth"]
[Result "0-1"]
[WhiteElo "1994"]
[BlackElo "2352"]
[PlyCount "52"]
[EventDate "2020.08.25"]
[EventType "swiss (blitz)"]
[EventRounds "10"]
[EventCountry "USA"]
[SourceTitle "CBM 198 Extra"]
[Source "ChessBase"]
[SourceDate "2020.11.30"]
[SourceVersion "1"]
[SourceVersionDate "2020.11.30"]
[SourceQuality "1"]

1. e4 d5 2. exd5 Qxd5 3. Nf3 Qd8 4. d4 g6 5. c4 Bg7 6. Nc3 Nh6 7. Be2 Nf5 8. Be3 0-0 9. 0-0 Nxe3 10. fxe3 c5 11. d5 Nd7 12. Qd3 Ne5 13. Nxe5 Bxe5 14. Rad1 a6 15. Qd2 Qc7 16. h3 Bd7 17. Ne4 Rad8 18. d6 exd6 19. Nf6+ Bxf6 20. Rxf6 Be6 21. e4 Qe7 22. Qg5 Rfe8 23. Rdf1 Kg7 24. Qf4 Rf8 25. b3 Bc8 26. Bg4 Bxg4 0-1

[Event "Kolkata op 6th"]
[Site "Kolkata"]
[Date "2013.12.11"]
[Round "7"]
[White "Ravichandran, Siddharth"]
[Black "Ganguly, Surya Shekhar"]
[Result "1-0"]
[WhiteElo "2395"]
[BlackElo "2646"]
[PlyCount "117"]
[EventDate "2013.12.06"]
[EventType "swiss"]
[EventRounds "10"]
[EventCountry "IND"]
[SourceTitle "CBM 157 Extra"]
[Source "ChessBase"]
[SourceDate "2013.12.19"]
[SourceVersion "1"]
[SourceVersionDate "2013.12.19"]
[SourceQuality "1"]

1. e4 c5 2. Nf3 e6 3. g3 Nc6 4. Bg2 Nf6 5. d3 d5 6. e5 Nd7 7. Qe2 Be7 8. c4 dxc4 9. dxc4 Qc7 10. Bf4 g5 11. Nxg5 Nd4 12. Qh5 Bxg5 13. Qxg5 Qb6 14. b3 Nc2+ 15. Kd2 Nxa1 16. Nc3 Qd8 17. Qxd8+ Kxd8 18. Rxa1 h6 19. Kc2 Ke7 20. Rd1 Rb8 21. Nb5 a6 22. Nd6 b6 23. h4 Nf8 24. h5 b5 25. cxb5 axb5 26. g4 Nd7 27. Bg3 Nb6 28. Bh4+ Kf8 29. Bf6 Rg8 30. Nxc8 Rxc8 31. Bb7 Rb8 32. f3 c4 33. Rd6 cxb3+ 34. axb3 Na8 35. Bxa8 Rxa8 36. Kc3 Rb8 37. Kb4 Rg7 38. Kc5 Kg8 39. b4 Kh7 40. Rd7 Rc8+ 41. Kxb5 Rc3 42. Bxg7 Kxg7 43. f4 Rg3 44. Rd4 Rxg4 45. Kc6 f6 46. Rd7+ Kf8 47. b5 fxe5 48. fxe5 Ke8 49. Rh7 Rc4+ 50. Kd6 Rb4 51. Kxe6 Kd8 52. Rh8+ Kc7 53. Rxh6 Rxb5 54. Rh7+ Kd8 55. Rh8+ Kc7 56. h6 Rb6+ 57. Ke7 Rb1 58. Rg8 Rh1 59. Rg6 1-0

[Event "Kolkata op 6th"]
[Site "Kolkata"]
[Date "2013.12.10"]
[Round "6"]
[White "Kiran, Manisha Mohanty"]
[Black "Ravichandran, Siddharth"]
[Result "0-1"]
[WhiteElo "2240"]
[BlackElo "2395"]
[PlyCount "64"]
[EventDate "2013.12.06"]
[EventType "swiss"]
[EventRounds "10"]
[EventCountry "IND"]
[SourceTitle "CBM 157 Extra"]
[Source "ChessBase"]
[SourceDate "2013.12.19"]
[SourceVersion "1"]
[SourceVersionDate "2013.12.19"]
[SourceQuality "1"]

1. e4 c6 2. d4 d5 3. e5 Bf5 4. h4 h5 5. c4 e6 6. Nc3 Be7 7. Nf3 Bg4 8. cxd5 cxd5 9. Be2 Nc6 10. Be3 Nh6 11. Qd2 Nf5 12. g3 Qb6 13. Rd1 f6 14. exf6 Bxf6 15. Na4 Qb4 16. Qxb4 Nxb4 17. 0-0 Nc2 18. Bg5 Bxg5 19. hxg5 Bxf3 20. Bxf3 Ncxd4 21. Bg2 Rc8 22. Nc3 Kf7 23. Rd3 Kg6 24. f4 Rhd8 25. Kh2 Kf7 26. Rfd1 Nc2 27. a3 Nce3 28. R1d2 h4 29. gxh4 Rh8 30. Re2 Rxh4+ 31. Kg1 Nxg2 32. Kxg2 Rxf4 0-1

[Event "Kolkata op 6th"]
[Site "Kolkata"]
[Date "2013.12.09"]
[Round "5"]
[White "Ravichandran, Siddharth"]
[Black "Gagunashvili, Merab"]
[Result "0-1"]
[WhiteElo "2395"]
[BlackElo "2546"]
[PlyCount "58"]
[EventDate "2013.12.06"]
[EventType "swiss"]
[EventRounds "10"]
[EventCountry "IND"]
[SourceTitle "CBM 157 Extra"]
[Source "ChessBase"]
[SourceDate "2013.12.19"]
[SourceVersion "1"]
[SourceVersionDate "2013.12.19"]
[SourceQuality "1"]

1. e4 d6 2. d4 Nf6 3. Nc3 e5 4. Nf3 Nbd7 5. Bc4 Be7 6. 0-0 0-0 7. Re1 c6 8. a4 Qc7 9. a5 h6 10. h3 Re8 11. Bf1 Bf8 12. a6 b5 13. d5 b4 14. Na2 cxd5 15. exd5 Rb8 16. c3 bxc3 17. Nxc3 Nc5 18. Be3 Rxb2 19. Qc1 Rb4 20. Nb5 Qb8 21. Bxc5 dxc5 22. Nxe5 Rxe5 23. Rxe5 Rxb5 24. Re1 Rb4 25. Rb1 Bd6 26. Rxb4 Qxb4 27. Bc4 Bf4 28. Qb1 Qxc4 29. Re7 Qxa6 0-1

[Event "Kolkata op 6th"]
[Site "Kolkata"]
[Date "2013.12.08"]
[Round "4"]
[White "Matta, Vinay Kumar"]
[Black "Ravichandran, Siddharth"]
[Result "0-1"]
[WhiteElo "2199"]
[BlackElo "2395"]
[PlyCount "82"]
[EventDate "2013.12.06"]
[EventType "swiss"]
[EventRounds "10"]
[EventCountry "IND"]
[SourceTitle "CBM 157 Extra"]
[Source "ChessBase"]
[SourceDate "2013.12.19"]
[SourceVersion "1"]
[SourceVersionDate "2013.12.19"]
[SourceQuality "1"]

1. e4 c5 2. Nf3 d6 3. d4 cxd4 4. Nxd4 Nf6 5. Nc3 a6 6. Be3 e5 7. Nb3 Be7 8. f3 Be6 9. Qd2 h5 10. Nd5 Nxd5 11. exd5 Bf5 12. Bd3 Bxd3 13. Qxd3 Bg5 14. 0-0 Bxe3+ 15. Qxe3 0-0 16. c4 Nd7 17. Nd2 Rc8 18. Rac1 a5 19. Ne4 Nc5 20. Nc3 f5 21. Nb5 f4 22. Qe2 g5 23. b3 Qf6 24. Nc3 b6 25. Ne4 Qg6 26. Kh1 Kh8 27. Rb1 g4 28. a3 Nxe4 29. fxe4 Rf7 30. Rf2 Rcf8 31. Rbf1 Qg5 32. Qd2 Kg8 33. g3 h4 34. Kg1 hxg3 35. hxg3 Qh6 36. gxf4 exf4 37. Rh2 Qg5 38. Qd4 Rg7 39. Qxb6 g3 40. Rh3 f3 41. Qxd6 Qe3+ 0-1

[Event "Hyderabad op 2nd"]
[Site "Hyderabad"]
[Date "2013.11.27"]
[Round "3"]
[White "Arun Prasad, Subramanian"]
[Black "Ravichandran, Siddharth"]
[Result "1/2-1/2"]
[WhiteElo "2529"]
[BlackElo "2372"]
[PlyCount "68"]
[EventDate "2013.11.25"]
[EventType "swiss"]
[EventRounds "11"]
[EventCountry "IND"]
[SourceTitle "CBM 157 Extra"]
[Source "ChessBase"]
[SourceDate "2013.12.19"]
[SourceVersion "1"]
[SourceVersionDate "2013.12.19"]
[SourceQuality "1"]

1. d4 d5 2. c4 c6 3. Nf3 Nf6 4. Nc3 e6 5. e3 Nbd7 6. Qc2 b6 7. b3 Bb7 8. Bd3 Be7 9. Bb2 Rc8 10. 0-0 0-0 11. Rfd1 Qc7 12. Rac1 h6 13. Qe2 Rfe8 14. Ne5 dxc4 15. Nxc4 c5 16. f3 Qb8 17. dxc5 Nxc5 18. Nb5 Nxd3 19. Qxd3 Bd5 20. Ba3 Bxc4 21. bxc4 Red8 22. Qb3 Rxd1+ 23. Rxd1 Bxa3 24. Nxa3 Rd8 25. Nb5 Rxd1+ 26. Qxd1 a6 27. Qd6 Qxd6 28. Nxd6 Nd7 29. Kf2 Kf8 30. Ke2 Ke7 31. Nc8+ Kd8 32. Nd6 Ke7 33. Nc8+ Kd8 34. Nd6 Ke7 1/2-1/2

[Event "Chennai op"]
[Site "Chennai"]
[Date "2013.11.21"]
[Round "9"]
[White "Borovikov, Vladislav"]
[Black "Ravichandran, Siddharth"]
[Result "1/2-1/2"]
[WhiteElo "2558"]
[BlackElo "2372"]
[PlyCount "51"]
[EventDate "2013.11.15"]
[EventType "swiss"]
[EventRounds "11"]
[EventCountry "IND"]
[SourceTitle "CBM 157 Extra"]
[Source "ChessBase"]
[SourceDate "2013.12.19"]
[SourceVersion "1"]
[SourceVersionDate "2013.12.19"]
[SourceQuality "1"]

1. d4 d5 2. c4 c6 3. Nc3 Nf6 4. cxd5 cxd5 5. Bf4 Nc6 6. e3 a6 7. Bd3 Bg4 8. Nge2 e6 9. 0-0 Be7 10. Rc1 Bh5 11. Na4 Bg6 12. Nc5 Qb6 13. Nc3 Rc8 14. N3a4 Qa7 15. Bxg6 hxg6 16. Nd3 0-0 17. h3 Ne4 18. Bh2 Na5 19. f3 Nd6 20. b3 Nf5 21. Rxc8 Rxc8 22. Qd2 Nc6 23. Rc1 Bg5 24. Bf4 Bxf4 25. Nxf4 Qb8 26. Nd3 1/2-1/2

[Event "Chennai op"]
[Site "Chennai"]
[Date "2013.11.20"]
[Round "7"]
[White "Ravichandran, Siddharth"]
[Black "Drazic, Sinisa"]
[Result "1-0"]
[WhiteElo "2372"]
[BlackElo "2469"]
[PlyCount "79"]
[EventDate "2013.11.15"]
[EventType "swiss"]
[EventRounds "11"]
[EventCountry "IND"]
[SourceTitle "CBM 157 Extra"]
[Source "ChessBase"]
[SourceDate "2013.12.19"]
[SourceVersion "1"]
[SourceVersionDate "2013.12.19"]
[SourceQuality "1"]

1. e4 c5 2. Nf3 e6 3. c3 d5 4. exd5 Qxd5 5. d4 cxd4 6. cxd4 Nf6 7. Nc3 Qd6 8. Bd3 Be7 9. 0-0 0-0 10. Qe2 Nc6 11. Rd1 Rd8 12. Nb5 Qb8 13. Ne5 Nxe5 14. Bf4 Nfd7 15. dxe5 a6 16. Nd6 Nf8 17. h4 Bd7 18. h5 Bc6 19. Qg4 Bxd6 20. exd6 f5 21. Qh3 Rd7 22. Bc4 Rf7 23. Re1 Qc8 24. Qb3 Bd7 25. Re3 h6 26. Rc3 Qd8 27. Qxb7 Rb8 28. Qc7 Qe8 29. b3 Bb5 30. Bxb5 axb5 31. Qc6 Nd7 32. Re1 b4 33. Rce3 Nf8 34. d7 Rxd7 35. Bxb8 Qxb8 36. Rxe6 Rd8 37. Re8 Kh7 38. R8e7 Qf4 39. Qf6 Qg5 40. Rxg7+ 1-0

[Event "Chennai op"]
[Site "Chennai"]
[Date "2013.11.19"]
[Round "6"]
[White "Karthikeyan, Murali"]
[Black "Ravichandran, Siddharth"]
[Result "0-1"]
[WhiteElo "2444"]
[BlackElo "2372"]
[PlyCount "107"]
[EventDate "2013.11.15"]
[EventType "swiss"]
[EventRounds "11"]
[EventCountry "IND"]
[SourceTitle "CBM 157 Extra"]
[Source "ChessBase"]
[SourceDate "2013.12.19"]
[SourceVersion "1"]
[SourceVersionDate "2013.12.19"]
[SourceQuality "1"]

1. e4 c5 2. Nf3 d6 3. d4 cxd4 4. Nxd4 Nf6 5. Nc3 a6 6. Be2 e5 7. Nb3 Be7 8. Be3 Be6 9. 0-0 0-0 10. f4 exf4 11. Bxf4 Nc6 12. Kh1 Rc8 13. Bf3 Qc7 14. Qe1 Ne5 15. Qg3 Nxf3 16. Qxf3 Qc4 17. Bg5 Rfe8 18. h3 h6 19. Bh4 b5 20. Rad1 b4 21. Rd4 Qc7 22. Rxb4 d5 23. Bxf6 Bxb4 24. exd5 gxf6 25. Ne4 Bd7 26. Nxf6+ Kh8 27. Qd3 Qxc2 28. Qxc2 Rxc2 29. Nxd7 Rxb2 30. Ndc5 Re1 31. Rxe1 Bxe1 32. Nd3 Rb1 33. Kh2 Kg7 34. Nbc5 Bb4 35. d6 Bxc5 36. Nxc5 Kf6 37. Nxa6 Ke6 38. Nc5+ Kxd6 39. Nd3 Ra1 40. Nb4 Kc5 41. Nc2 Rxa2 42. Ne3 Ra6 43. Kg3 Kd4 44. Kf4 Kd3 45. Nf5 Ke2 46. g4 Kf2 47. h4 Kg2 48. g5 h5 49. Nh6 Ra7 50. Nf5 Kh3 51. Kf3 Ra3+ 52. Kf4 Ra4+ 53. Kf3 Ra1 54. Kf2 0-1

[Event "Chennai op"]
[Site "Chennai"]
[Date "2013.11.17"]
[Round "3"]
[White "Mirzoev, Azer"]
[Black "Ravichandran, Siddharth"]
[Result "1-0"]
[WhiteElo "2519"]
[BlackElo "2372"]
[PlyCount "61"]
[EventDate "2013.11.15"]
[EventType "swiss"]
[EventRounds "11"]
[EventCountry "IND"]
[SourceTitle "CBM 157 Extra"]
[Source "ChessBase"]
[SourceDate "2013.12.19"]
[SourceVersion "1"]
[SourceVersionDate "2013.12.19"]
[SourceQuality "1"]

1. d4 d5 2. Nf3 Nf6 3. c4 c6 4. e3 Bf5 5. Nc3 e6 6. Nh4 Be4 7. f3 Bg6 8. Qb3 Qc7 9. Bd2 Be7 10. Nxg6 hxg6 11. g3 Nbd7 12. cxd5 exd5 13. 0-0-0 b5 14. Qc2 Rc8 15. Kb1 Nb6 16. e4 b4 17. Ne2 dxe4 18. fxe4 Ng4 19. Nc1 Qb7 20. Nd3 c5 21. Nxc5 Bxc5 22. dxc5 Nd7 23. Bc4 Nxc5 24. Bd5 Qb8 25. Qc4 Ne5 26. Qxb4 0-0 27. Qxb8 Rxb8 28. Bc3 Ned3 29. Rhf1 a5 30. a3 Rb6 31. Rf3 1-0

[Event "IND-chB 51st"]
[Site "Bhopal"]
[Date "2013.10.18"]
[Round "9"]
[White "Vishnu, Prasanna V"]
[Black "Ravichandran, Siddharth"]
[Result "1/2-1/2"]
[WhiteElo "2496"]
[BlackElo "2372"]
[PlyCount "75"]
[EventDate "2013.10.12"]
[EventType "swiss"]
[EventRounds "13"]
[EventCountry "IND"]
[SourceTitle "EXT 2014"]
[Source "ChessBase"]
[SourceDate "2013.11.20"]
[SourceVersion "1"]
[SourceVersionDate "2013.11.20"]
[SourceQuality "1"]

1. e4 c5 2. Nf3 d6 3. d4 cxd4 4. Nxd4 Nf6 5. Nc3 a6 6. Bg5 e6 7. f4 Be7 8. Qf3 Qc7 9. 0-0-0 Nbd7 10. Bd3 h6 11. Bh4 g5 12. fxg5 Ne5 13. Qe2 Nfg4 14. Nf3 Nxf3 15. Qxf3 hxg5 16. Bg3 Ne5 17. Bxe5 dxe5 18. Rdf1 Rh7 19. h4 gxh4 20. Qg4 Bf8 21. Rxh4 Rg7 22. Qh3 Qe7 23. Rh5 Bd7 24. Rxe5 0-0-0 25. Kb1 Qd6 26. Rh5 Qb6 27. Rh8 Bd6 28. Rxd8+ Qxd8 29. Qh5 Be8 30. Rd1 Qg5 31. Qxg5 Rxg5 32. Bxa6 Bb4 33. Bf1 Bxc3 34. bxc3 Bc6 35. Rd4 Re5 36. Bd3 Rg5 37. Bf1 Re5 38. Bd3 1/2-1/2

[Event "IND-chB 51st"]
[Site "Bhopal"]
[Date "2013.10.16"]
[Round "6"]
[White "Ravichandran, Siddharth"]
[Black "Prasannaa, S."]
[Result "1-0"]
[WhiteElo "2372"]
[BlackElo "2171"]
[PlyCount "78"]
[EventDate "2013.10.12"]
[EventType "swiss"]
[EventRounds "13"]
[EventCountry "IND"]
[SourceTitle "EXT 2014"]
[Source "ChessBase"]
[SourceDate "2013.11.20"]
[SourceVersion "1"]
[SourceVersionDate "2013.11.20"]
[SourceQuality "1"]

1. e4 e5 2. Nf3 Nc6 3. Bc4 Bc5 4. c3 Nf6 5. d4 exd4 6. cxd4 Bb4+ 7. Bd2 Nxe4 8. Bxb4 Nxb4 9. Bxf7+ Kxf7 10. Qb3+ d5 11. Qxb4 Rf8 12. Nc3 Kg8 13. Qb3 c5 14. Nxe4 c4 15. Qc3 dxe4 16. Qxc4+ Kh8 17. Ne5 e3 18. 0-0 exf2+ 19. Rxf2 Rxf2 20. Kxf2 Qf6+ 21. Kg1 Be6 22. Qf1 Rc8 23. Qxf6 gxf6 24. Nd3 Rc2 25. Rc1 Rd2 26. Nf4 Bxa2 27. Nh5 Kg8 28. Rc7 Rxb2 29. Nxf6+ Kf8 30. d5 Rd2 31. Rxb7 a5 32. Nxh7+ Ke8 33. Nf6+ Kd8 34. Ra7 a4 35. Rxa4 Bxd5 36. Nxd5 Rxd5 37. Re4 Rd2 38. h4 Kd7 39. Kh2 Kd6 1-0

[Event "Kuala Lumpur op 10th"]
[Site "Kuala Lumpur"]
[Date "2013.08.14"]
[Round "6"]
[White "Ravichandran, Siddharth"]
[Black "Ding, Yixin"]
[Result "1/2-1/2"]
[WhiteElo "2368"]
[BlackElo "2421"]
[PlyCount "44"]
[EventDate "2013.08.10"]
[EventType "swiss"]
[EventRounds "9"]
[EventCountry "MAS"]
[SourceTitle "CBM 156 Extra"]
[Source "ChessBase"]
[SourceDate "2013.10.22"]
[SourceVersion "1"]
[SourceVersionDate "2013.10.22"]
[SourceQuality "1"]

1. e4 c5 2. Nf3 d6 3. d4 cxd4 4. Nxd4 Nf6 5. f3 Nc6 6. c4 Qb6 7. Nc2 Nb4 8. Nxb4 Qxb4+ 9. Nc3 g6 10. Qb3 Qxb3 11. axb3 a6 12. Be3 Be6 13. Nd5 Bxd5 14. cxd5 Bg7 15. Rc1 Nd7 16. Rc7 b5 17. g3 Kd8 18. Rc2 Rc8 19. Kd2 Nc5 20. Bxc5 Rxc5 21. Bh3 Rxc2+ 22. Kxc2 Kc7 1/2-1/2

[Event "Kuala Lumpur op 10th"]
[Site "Kuala Lumpur"]
[Date "2013.08.10"]
[Round "2"]
[White "Ravichandran, Siddharth"]
[Black "Azhar, Puteri Rifqah Fahad"]
[Result "1-0"]
[WhiteElo "2368"]
[BlackElo "1859"]
[PlyCount "23"]
[EventDate "2013.08.10"]
[EventType "swiss"]
[EventRounds "9"]
[EventCountry "MAS"]
[SourceTitle "CBM 156 Extra"]
[Source "ChessBase"]
[SourceDate "2013.10.22"]
[SourceVersion "1"]
[SourceVersionDate "2013.10.22"]
[SourceQuality "1"]

1. d4 Nf6 2. Bg5 e6 3. e4 Be7 4. Nd2 d6 5. Bd3 c5 6. dxc5 dxc5 7. e5 Nd5 8. Bxe7 Qxe7 9. Qg4 0-0 10. Ngf3 Nc6 11. Bxh7+ Kxh7 12. Qh5+ 1-0